书目信息

书名: 新版养猫训猫与猫病防治 
作者: 徐先玲
出版信息: 延吉   延边人民出版社  2008.10第3次印刷
开本页数: 1/16cm  273页
丛书名:
单 册:
中图分类: S865.4
科图分类:
主题词: 狩猎 , 野生动物--驯养
电子资源:
ISBN: 7-80648-918-5
000 00643nam0 2200217 450
001 0957573671
005 20260402093448.60
010    @a7-80648-918-5@dCNY 29.80
100    @a20091204d2008 km y0chiy0120 ea
101 @achi
102    @aCN
200 @a新版养猫训猫与猫病防治@AXin Ban Yang Mao Xun Mao Yu Mao Bing Fang Zhi@f徐先玲@Fxu xian ling
210    @a延吉@c延边人民出版社@d2008.10第3次印刷
215    @a273页@d1/16cm
300    @a家庭休闲书架
606 @a狩猎
606 @a野生动物@x驯养
690    @aS865.4@v4
701  0 @a徐先玲@Axu xian ling
801  0 @aCN@b大连网信软件有限公司图书馆·11@c20260402
905    @aZUCC@dS865.4@e98
    
    新版养猫训猫与猫病防治/徐先玲.-延吉:延边人民出版社,2008.10第3次印刷
    273页;1/16cm
    家庭休闲书架
    
    ISBN 7-80648-918-5:CNY 29.80
    
相关链接 在五车中查询图书 在当当中查询图书 在豆瓣中查询图书


正题名:新版养猫训猫与猫病防治     索取号:S865.4/98         预约/预借

序号 登录号 条形码 馆藏地/架位号 状态 备注
1 258305   300258305   柳城-4楼/31架1列1层/ [索取号:S865.4/98] 在馆    
2 258306   300258306   海科密-1楼/54架14列1层/ [索取号:S865.4/98] 在馆    
3 258307   300258307   海科密-1楼/52架14列3层/ [索取号:S865.4/98] 在馆    
4 258308   300258308   柳城-4楼/31架1列3层/ [索取号:S865.4/98] 在馆    
5 258309   300258309   海科密-1楼/52架14列3层/ [索取号:S865.4/98] 在馆    
6 373610   300373610   海科密-1楼/52架14列3层/ [索取号:S865.4/98] 在馆    
7 373611   300373611   海科密-1楼/54架14列2层/ [索取号:S865.4/98] 在馆    
8 373612   300373612   柳城-4楼/31架1列3层/ [索取号:S865.4/98] 在馆    
9 373613   300373613   海科密-1楼/54架14列1层/ [索取号:S865.4/98] 在馆    
10 373614   300373614   柳城-4楼/31架1列3层/ [索取号:S865.4/98] 在馆    
11 373615   300373615   海科密-1楼/52架14列3层/ [索取号:S865.4/98] 在馆    
12 373616   300373616   海科密-1楼/54架14列2层/ [索取号:S865.4/98] 在馆    
13 374281   300374281   海科密-1楼/52架14列3层/ [索取号:S865.4/98] 在馆    
14 374282   300374282   海科密-1楼/52架14列3层/ [索取号:S865.4/98] 在馆    
15 374283   300374283   海科密-1楼/52架14列3层/ [索取号:S865.4/98] 在馆    
16 374284   300374284   流通三库四楼/ [索取号:S865.4/98] 在馆    
17 374285   300374285   海科密-1楼/52架14列3层/ [索取号:S865.4/98] 在馆    
18 374286   300374286   柳城密-1楼/柳城密-1楼1架10列5层/ [索取号:S865.4/98] 在馆    
19 374287   300374287   柳城密-1楼/柳城密-1楼1架10列5层/ [索取号:S865.4/98] 在馆    
20 374288   300374288   海科密-1楼/52架14列3层/ [索取号:S865.4/98] 在馆    
21 374289   300374289   柳城密-1楼/柳城密-1楼1架10列5层/ [索取号:S865.4/98] 在馆